Návrh opatrení pre zefektívnenie systému personálneho lízingu v spoločnosti PCA Slovakia, s.r.o.

Salvato in:
Dettagli Bibliografici
Autore principale: Lipovský, Miroslav, 1990- (Autore)
Altri autori: Šefčíková, Miriam, 1975- (Relatore della tesi)
Natura: Manoscritto Libro
Lingua:slovacco
Pubblicazione: Trnava : STU v Bratislave MTF UPMK, 2013
Soggetti:
Accesso online:VAIS
Tags: Aggiungi Tag
Nessun Tag, puoi essere il primo ad aggiungerne!!

MARC

LEADER 00000ntm a22000003a 4500
001 stu270221
005 20150617230249.0
008 130705s2013----xo------------------slo-d
040 |a STU  |b slo 
041 0 |a slo 
044 |a xo 
100 1 |a Lipovský, Miroslav,  |d 1990-  |4 aut  |u M  |T MTF Materiálovotechnologická fakulta  |X 6755  |U M  |Y 60  |7 A000006755 
242 0 0 |a Proposal of arrangements for streamlining the system of personnel leasing in company PCA Slovakia, limited   |y eng 
245 1 |a Návrh opatrení pre zefektívnenie systému personálneho lízingu v spoločnosti PCA Slovakia, s.r.o. 
260 |a Trnava :  |b STU v Bratislave MTF UPMK,  |c 2013 
650 7 |a priemyselné manažérstvo  |2 stusub 
650 7 |a Industrial Management  |2 estusub 
650 7 |a získavanie zamestnancov  |2 stusub 
700 1 |a Šefčíková, Miriam,  |d 1975-  |4 ths  |u M4000  |U MTF Materiálovotechnologická fakulta  |T MTF Ústav priemyselného inžinierstva a manažmentu  |X 2854  |U M4000  |Y 84  |7 A000002854 
856 4 |a info a plný text  |u http://is.stuba.sk/zp/portal_zp.pl?podrobnosti=102413  |3 VAIS 
996 |c M*BP-6498  |l MMSKP  |s P  |a 0  |w stu270221_0001